000 01083nam a2200373 a 4500
003 AR-BaBNM
005 20251128210625.0
008 082120s2002 ||||||||||||||000 | spa||
040 _cAR-BaBNM
100 1 _aJencks, Christopher
245 0 0 _aLa revolución académica
260 _aBuenos Aires
_bPaidós
_c1970
300 _a605 p.
490 0 _aBiblioteca de psicología social y sociología
_vv. 47
500 _aContiene referencias bibliográficas
650 4 _aUNIVERSIDADES
650 4 _aPAPEL DE LA UNIVERSIDAD
650 4 _aFORMACION PROFESIONAL
650 4 _aDISCRIMINACION RACIAL
650 4 _aRELIGION
651 4 _aEstados Unidos
653 _aEDUCACION SUPERIOR
653 _aHISTORIA DE LA UNIVERSIDAD
653 _aPOLITICAS UNIVERSITARIAS
653 _aFINANCIAMIENTO UNIVERSITARIO
653 _aEDUCACION PUBLICA
653 _aEDUCACION PRIVADA
653 _aTRANSFORMACION EDUCATIVA
700 1 _aRiesman, David
800 1 _aGermani, Gino
_edirector
800 1 _aButelman, Enrique
_edirector
942 _cBK
998 _cRaquel
999 _c16226
_d16226